000 00346pab a2200133 454500
008 180718b xxu||||| |||| 00| 0 eng d
100 _aGundu Rao, N.C
245 _aRelations of Ministers and civil servants: both should by fair
650 _a Minister
650 _a Legislator
650 _aCivil Service
773 _aDeccan Herald
909 _a2981
999 _c2981
_d2981